Principles and Practice of Surgery (Record no. 335)

MARC details
000 -LEADER
fixed length control field 00578nam a22002057a 4500
003 - CONTROL NUMBER IDENTIFIER
control field OSt
005 - DATE AND TIME OF LATEST TRANSACTION
control field 20191003103837.0
008 - FIXED-LENGTH DATA ELEMENTS--GENERAL INFORMATION
fixed length control field 140811b xxu||||| |||| 00| 0 eng d
020 ## - INTERNATIONAL STANDARD BOOK NUMBER
International Standard Book Number 0443064938
040 ## - CATALOGING SOURCE
Transcribing agency DLC
082 ## - DEWEY DECIMAL CLASSIFICATION NUMBER
Classification number WO 178 G16p 2003
100 ## - MAIN ENTRY--PERSONAL NAME
Personal name Edited by O. James, Garden; Andrew, W. Badbury; John, Forsythe
9 (RLIN) 12970
245 ## - TITLE STATEMENT
Title Principles and Practice of Surgery
250 ## - EDITION STATEMENT
Edition statement 4th ed.
260 ## - PUBLICATION, DISTRIBUTION, ETC. (IMPRINT)
Place of publication, distribution, etc. London:
Name of publisher, distributor, etc. Churchill Livingstone
Date of publication, distribution, etc. 2003
300 ## - PHYSICAL DESCRIPTION
Extent xii, 633 p.:
Other physical details col.ill;
Dimensions 26 cm.
504 ## - BIBLIOGRAPHY, ETC. NOTE
Bibliography, etc Includes index
650 ## - SUBJECT ADDED ENTRY--TOPICAL TERM
Topical term or geographic name as entry element Surgery
9 (RLIN) 323
942 ## - ADDED ENTRY ELEMENTS (KOHA)
Source of classification or shelving scheme Other/Generic Classification Scheme
Koha item type Book Bank
Holdings
Withdrawn status Lost status Source of classification or shelving scheme Damaged status Not for loan Home library Current library Date acquired Source of acquisition Inventory number Total Checkouts Full call number Barcode Date last seen Koha item type
    Other/Generic Classification Scheme     MUST Main Library MUST Main Library 11/08/2014 Purchase 04/21538   WO 178 G16p 2003 2014-2052 11/08/2014 Book Bank
    Other/Generic Classification Scheme     MUST Main Library MUST Main Library 11/08/2014 Purchase 04/21539   WO 178 G16p 2003 2014-2053 11/08/2014 Book Bank
    Other/Generic Classification Scheme     MUST Main Library MUST Main Library 11/08/2014 Purchase 04/21534   WO 178 G16p 2003 2014-2054 11/08/2014 Book Bank
    Other/Generic Classification Scheme     MUST Main Library MUST Main Library 08/04/2015 Purchase 09/31184   WO 100 P93p 1998 2015-0806 08/04/2015 Short Loan
    Other/Generic Classification Scheme     MUST Main Library MUST Main Library 08/04/2015 Donation 07/28617   WO 100 P932o 2002 2015-0807 08/04/2015 Short Loan
    Other/Generic Classification Scheme     MUST Main Library MUST Main Library 09/04/2015 Purchase 04/21536   WO 178 G16p 2003 2015-0843 09/04/2015 Short Loan
    Other/Generic Classification Scheme     MUST Main Library MUST Main Library 09/04/2015 Purchase 04/21537   WO 178 G16p 2003 2015-0844 09/04/2015 Short Loan
    Other/Generic Classification Scheme     MUST Main Library MUST Main Library 03/10/2019 Purchase 04/21535   WO 178 G16p 2003 2019-0507 03/10/2019 Book Bank